Представление документа в формате RUSMARC

ПолеНазваниеЗначение
  Тип записи a
  Библиографический уровень m
001 Контрольный номер SKBR/93e48bb9-0891-4da4-9216-d614e8358093
005 Дата корректировки 20250407114503.8
010 Индекс ISBN __
a ISBN 978-5-00154-322-0
9 Тираж 3000 экз.
b Уточнения в пер.
d Цена 461-03
021 № государственной регистрации __
a Код страны RU
b № документа 2020-23582
035 Другие системные номера __
a Идентификатор записи (RuMoRGB)010328355
035 Другие системные номера __
a Идентификатор записи RU\NLR\BIBL_A\012325257
100 Данные общей обработки __
a Данные общей обработки 20200901d2020####de y0rusy028902 ca
101 Язык документа 0_
a Язык текста rus
102 Страна публикации __
a Страна публикации RU
105 Кодированные данные (монография) __
a Кодированные данные (монография) ach g 010yy
181 Поле кодированных данных: вид содержания _0
a Код вида содержания (ISBD) i
182 Поле кодированных данных: тип средства _0
a Код типа средства (ISBD) n
200 Заглавие и сведения об ответственности 1_
a Заглавие 75 фактов о Великой Отечественной войне
e Сведения, относящиеся к заглавию к 75-летию Победы в Великой Отечественной войне
f Первые сведения об ответственности Светлана Рюмина, Петр Баратов
g Последующие сведения об ответственности вступительная статья: Петр Баратов
203 Вид содержания и тип средства __
a Вид содержания Текст
c Тип средства непосредственный
210 Выходные данные 1_
a Место издания Москва
c Издательство Clever
c Издательство Клевер-Медиа-Групп
d Дата издания 2020
215 Физическое описание __
a Объем 109, [1] с.
c Иллюстрации/тип воспроизводства ил., цв. ил., портр.
d Формат 27 см
225 Серия 1_
a Серия История Победы
330 Аннотация __
a Аннотация Начало Великой Отечественной войны 22 июня 1941 года обернулось величайшей трагедией для всех народов СССР. От первых снарядов, упавших на советскую землю, до последней подписи под Актом капитуляции фашистской Германии 9 мая 1945 года - все занесено в летопись Великой Отечественной войны. Ни одну из ее страниц мы не имеем права забыть. К 75-летию Победы мы собрали для вас 75 самых важных фактов о Великой Отечественной войне, дающих объемную картину происходившего. Все факты разделены на темы: Памятные даты Известные битвы войны Самые известные люди (главы государств, маршалы, герои, солдаты) Армия (cоветская и немецкая техника и оружие) Города-герои Памятники, мемориалы и музеи Ордена и медали Произведения о войне: книги, фильмы, песни.
517 Другие варианты заглавия 1_
a Другие варианты заглавия 75-летию Победы в Великой Отечественной войне
517 Другие варианты заглавия 1_
a Другие варианты заглавия Семидесятипятилетию Победы в Великой Отечественной войне
532 Расширенное заглавие 10
a Расширенное заглавие Семьдеся пять фактов о Великой Отечественной войне
606 Тематические рубрики 1_
a Основная рубрика История
z Хронологическая подрубрика 1941-1945 гг.
z Хронологическая подрубрика 20 в.
y Географическая подрубрика СССР
606 Тематические рубрики __
a Основная рубрика История России и СССР (октябрь 1917-1991 г.)
610 Ключевые слова 0_
a Ключевые слова детская литература
610 Ключевые слова 0_
a Ключевые слова Великая Отечественная война
610 Ключевые слова 0_
a Ключевые слова войны
610 Ключевые слова 0_
a Ключевые слова участники войны
610 Ключевые слова 0_
a Ключевые слова города-герои
610 Ключевые слова 0_
a Ключевые слова военные операции
610 Ключевые слова 0_
a Ключевые слова маршалы
610 Ключевые слова 0_
a Ключевые слова военные деятели
610 Ключевые слова 0_
a Ключевые слова армии
610 Ключевые слова 0_
a Ключевые слова немецкое оружие
610 Ключевые слова 0_
a Ключевые слова советское оружие
610 Ключевые слова 0_
a Ключевые слова мемориалы
610 Ключевые слова 0_
a Ключевые слова книги о войне
610 Ключевые слова 0_
a Ключевые слова военные книги
610 Ключевые слова 0_
a Ключевые слова военные фильмы
610 Ключевые слова 0_
a Ключевые слова памятники
610 Ключевые слова 0_
a Ключевые слова герои Великой Отечественной войны
686 Индексы других классификаций __
a Классификационный индекс ст63.3(2)62
2 Код системы rubbks
700 Автор _1
a Фамилия Рюмина
b Имя С.
g Полное личное имя Светлана
4 Код отношения 070
701 Альтернативная интеллектуальная ответственность _1
a Фамилия Баратов
b Имя П.
g Полное личное имя Петр
4 Код отношения 070
801 Источник записи _0
a Страна RU
b Организация NLR
c Дата составления 20200901
g Правила каталогизации RCR
801 Источник записи _1
a Страна RU
b Организация NLR
c Дата составления 20200901
g Правила каталогизации PSBO
801 Источник записи _2
a Страна RU
b Организация NLR
c Дата составления 20201001
2 Код формата rusmarc
g Правила каталогизации PSBO
852 Данные о местонахождении __
i Авторский знак Р 97
j Шифр хранения ст63.3(2)62
900 Макрообъекты __
a Макрообъекты 75 фактов о Великой Отечественной войне, 2020
901 Тип документа __
a Ответственный КиК/Котельникова
t Тип документа m
903 Характеристики (МАРС) __
a Дата передачи 20210730
c Наименование библиотеки (МАРС) Муниципальное бюджетное учреждение культуры "Централизованная библиотечная система" г. Сургут (Центральная городская библиотека им. А. С. Пушкина)
969 Тип издания __
a Тип издания издание для детей
990 Данные о заказе (DOS) __
j Количество экземпляров (DOS) 6
t N записи в КСУ для И/У (DOS) 202108